The family in India : (Record no. 334875)
[ view plain ]
| 000 -LEADER | |
|---|---|
| fixed length control field | 00967nam a2200325 a 4500 |
| 001 - CONTROL NUMBER | |
| control field | vtls000377983 |
| 003 - CONTROL NUMBER IDENTIFIER | |
| control field | NLI |
| 005 - DATE AND TIME OF LATEST TRANSACTION | |
| control field | 20210602180903.0 |
| 008 - FIXED-LENGTH DATA ELEMENTS--GENERAL INFORMATION | |
| fixed length control field | 110113s2005 ii 001 0 eng |
| 020 ## - INTERNATIONAL STANDARD BOOK NUMBER | |
| International Standard Book Number | 0761933883 |
| Terms of availability | Rs. 650.00 |
| 039 #9 - LEVEL OF BIBLIOGRAPHIC CONTROL AND CODING DETAIL [OBSOLETE] | |
| -- | 201101132330 |
| -- | VLOAD |
| 040 ## - CATALOGING SOURCE | |
| Original cataloging agency | NLI : |
| Language of cataloging | eng |
| Transcribing agency | NLMARC21 |
| 041 0# - LANGUAGE CODE | |
| Language code of text/sound track or separate title | eng |
| 044 ## - COUNTRY OF PUBLISHING/PRODUCING ENTITY CODE | |
| MARC country code | ii |
| 082 04 - DEWEY DECIMAL CLASSIFICATION NUMBER | |
| Classification number | 306.850954 |
| Edition number | 22 |
| 245 04 - TITLE STATEMENT | |
| Title | The family in India : |
| Remainder of title | structure and practice/ |
| Statement of responsibility, etc. | Editor: Tulsi Patel ; foreword by A.M. Shah |
| 260 ## - PUBLICATION, DISTRIBUTION, ETC. | |
| Place of publication, distribution, etc. | New Delhi : |
| Name of publisher, distributor, etc. | SAGE, |
| Date of publication, distribution, etc. | 2005 |
| 300 ## - PHYSICAL DESCRIPTION | |
| Extent | 310 p.; |
| Dimensions | 22 cm. |
| 440 #0 - SERIES STATEMENT/ADDED ENTRY--TITLE | |
| Title | Themes in India sociology |
| Volume/sequential designation | no.6 |
| 9 (RLIN) | 562951 |
| 504 ## - BIBLIOGRAPHY, ETC. NOTE | |
| Bibliography, etc. note | Includes bibliographical references and index |
| 650 #0 - SUBJECT ADDED ENTRY--TOPICAL TERM | |
| Topical term or geographic name entry element | Family |
| Geographic subdivision | India |
| 9 (RLIN) | 66394 |
| 700 1# - ADDED ENTRY--PERSONAL NAME | |
| Personal name | Patel, Tulsi |
| Relationship | edt |
| 9 (RLIN) | 334253 |
| 887 ## - NON-MARC INFORMATION FIELD | |
| Content of non-MARC field | Pranati |
| 901 ## - LOCAL DATA ELEMENT A, LDA (RLIN) | |
| a | DB98288 |
| b | 28.9.05 |
| 902 ## - LOCAL DATA ELEMENT B, LDB (RLIN) | |
| a | E306.850954 F21t |
| 904 ## - LOCAL DATA ELEMENT D, LDD (RLIN) | |
| a | Pranati |
| 942 ## - ADDED ENTRY ELEMENTS (KOHA) | |
| Source of classification or shelving scheme | Dewey Decimal Classification |
| Koha item type | Books |
| 949 ## - LOCAL PROCESSING INFORMATION (OCLC) | |
| -- | VIRTUAITEM |
| -- | 10000 |
| -- | 100 |
| 6 | DBA000098288ENG |
| Withdrawn status | Lost status | Damaged status | Not for loan | Collection code | Home library | Current library | Shelving location | Date acquired | Total Checkouts | Full call number | Barcode | Date last seen | Price effective from | Koha item type |
|---|---|---|---|---|---|---|---|---|---|---|---|---|---|---|
| New English | National Library of India | National Library of India | New English - Main Stack Division | E306.850954 F21t | DBA000098288ENG | 02/06/2021 | 02/06/2021 | Books |
